La culpa es de Calderón (Record no. 114978)

MARC details
000 -LEADER
campo de control de longitud fija 00927nam a2200253 i 4500
001 - NÚMERO DE CONTROL
campo de control 114978
003 - IDENTIFICADOR DE NÚMERO DE CONTROL
campo de control ES-MaACL
005 - FECHA Y HORA DE LA ÚLTIMA TRANSACCIÓN
campo de control 20230906190311.0
007 - CAMPO FIJO DE DESCRIPCIÓN FÍSICA--INFORMACIÓN GENERAL
campo de control de longitud fija t|
008 - DATOS DE LONGITUD FIJA--INFORMACIÓN GENERAL
campo de control de longitud fija 070214s1931 sp ||||1| spa d
080 ## - NÚMERO DE LA CLASIFICACIÓN DECIMAL UNIVERSAL
Número de la Clasificación Decimal Universal 860-22"19"
100 1# - ENTRADA PRINCIPAL--NOMBRE DE PERSONA
Nombre de persona Blanco, Leandro.
9 (RLIN) 29193
245 13 - MENCIÓN DEL TÍTULO
Título La culpa es de Calderón
Resto del título : farsa cómica en tres jornadas. Original /
Mención de responsabilidad, etc. Leandro Blanco y Alfonso Lapena ; dibujos de Antonio Merlo.
260 ## - PUBLICACIÓN, DISTRIBUCIÓN, ETC.
Lugar de publicación, distribución, etc. Madrid :
Nombre del editor, distribuidor, etc. Rivadeneyra,
Fecha de publicación, distribución, etc. 1931.
300 ## - DESCRIPCIÓN FÍSICA
Extensión 64 p. :
Otras características físicas il. ;
Dimensiones 17 cm.
490 1# - MENCIÓN DE SERIE
Mención de serie La Farsa ;
Designación de volumen o secuencia 214
500 ## - NOTA GENERAL
Nota general Cubierta de este número: Hortensia Gelabert y Paco Gallego en una escena de La culpa es de Calderón.
500 ## - NOTA GENERAL
Nota general Estrenada en el Teatro Alkázar, de Madrid, la noche del 2 de octubre de 1931.
700 1# - ENTRADA AGREGADA--NOMBRE PERSONAL
Nombre de persona Lapena, Alfonso.
9 (RLIN) 70145
700 1# - ENTRADA AGREGADA--NOMBRE PERSONAL
Nombre de persona Merlo, Antonio.
9 (RLIN) 80579
830 0# - PUNTO DE ACCESO ADICIONAL DE SERIE-TÍTULO UNIFORME
Título uniforme La Farsa ;
Designación de volumen o secuencia 214
9 (RLIN) 185863
852 ## - LOCALIZACIÓN
Ubicación ES-MaACL
Número de control de estantería C-13209
Holdings
Estatus retirado Estado de pérdida Estado de daño No para préstamo Biblioteca de origen Biblioteca actual Ubicación en estantería Fecha de adquisición Fuente de adquisición Total de préstamos Signatura topográfica completa Código de barras Visto por última vez Precio de reemplazo Tipo de ítem Koha
        Biblioteca del Ateneo de Madrid Biblioteca del Ateneo de Madrid Sala Palomar 17/01/2008     C-13209 1119899 23/02/2023 23/02/2023 Libro impreso